Polskie kolejowe pasażerskie stacje graniczne - Statystyki

Ogólne statystyki
  • Ten quiz został rozwiązany 88 razy
  • Średni wynik to 14 z 27
Statystyki odpowiedzi
Hint Odpowiedź % Poprawnych
Goerlitz Zgorzelec
93%
Cesky Tesin Cieszyn
87%
Bohumin / B. Vrbice Chałupki
76%
Guben Gubin
74%
Frankfurt/Oder Słubice
74%
Brest-Centralnyi Terespol
74%
Lichkov Międzylesie
67%
Kuestrin-Kietz Kostrzyn
65%
Mockava Trakiszki
61%
Skalite Zwardoń
61%
Petrovice u Karvine Zebrzydowice
55%
Mostiska II Medyka
54%
Ahlbeck Grenze Świnoujście Centrum
49%
Medzilaborce Łupków
46%
Plavec Muszyna / Leluchów
46%
Mikulovice / Jindrichov ve Slezsku Głuchołazy
44%
Mamonovo Braniewo
41%
Rava Russkaia I Hrebenne
40%
Grodno Kuźnica Białostocka
39%
Grambow / Tantow Szczecin Gumieńce
35%
Harrachov Polana Jakuszycka
33%
Forst (Lausitz) Zasieki
32%
Kralovec Lubawka
30%
Rava Russkaia I Werchrata
24%
Mezimesti Mieroszów
23%
Hagenwerder / Hirschfelde Krzewina Zgorzelecka
17%
Starżawa Krościenko
15%
Nie znaleziono quizów pasujących do podanych kryteriów
Rozkład punktacji
Procent ludzi z każdym wynikiem
Percentyl według liczby udzielonych odpowiedzi
Twoja historia wyników
Nie rozwiązałeś tego quizu